1853 1674 1413 1333 1291 1216 1592 1596 1029 1410 1897 1387 1019 1123 1429 1243 1811 1545 1472 1370 1861 1990 1658 1047 1749 1200 1056 1821 1974 1954 1958 1686 1113 1992 1109 1348 1948 1422 1923 1294 1928 1316 1081 1060 1080 1458 1209 1806 1375 1908 1159 1455 1593 1712 1346 1187 1500 1257 1641 1636 1331 1760 1239 1864 1363 1100 1026 1629 1432 1135 1346 1051 1827 1427 1628 1189 1158 1499 1515 1012 1133 1400 1667 1779 1369 1877 1237 1563 1238 1532 1053 1825 1671 1609 1687 1063 1733 1979 1492 BCNSPRNW ULIB Ver.6.0+V

เปลี่ยนเป็นภาษาไทย

Change to English
 แสดงรายละเอียดบรรณานุกรม
  กลับหน้าหลัก

Brief Record : Get Marc (ISO 2709) : E-mail record : QR code < ปิดหน้าต่าง
LEADER : 00000nam 2200000uu 4500
001    13399121232
003     ULIB
008    121109s2547||||th 000 0 tha d
020    ^a974924642
041 0  ^atha/eng
050  4 ^aPN^bป328บ
100 0  ^aประพิศ พงศ์พานิช
245 10 ^aบทสนทนาภาษาอังกฤษสำหรับบุคลากรทางการแพทย์.^nbook FOUR =^bEnglish for the medical profession : doctors, nurses,students, everyone involved in health care /^c[คณะผู้จัดทำ, ประพิศ พงษ์พานิช, บ็อบ ก็อดสัน]
246 14 ^aEnglish for the medical profession in patients :^bบทสนทนาภาษาอังกฤษสำหรับบุคลากรทางการแพทย์
246 31 ^aEnglish for the medical profession : doctors, nurses,students, everyone involved in health care
250    ^aพิมพ์ครั้งที่ 2
260    ^aกรุงเทพฯ :^bโรงพยาบาลบีเอ็นเอช(บางกอกเนอสซิ่งโฮม),^c2547
300    ^a147 หน้า :^bภาพประกอบ ;^c22 ซม.
650  4 ^aภาษาอังกฤษ^xบทสนทนาและวลี
653    ^aOpen Your Eyes Project
700 1  ^aก็อดสัน, บ็อบ
945    ^p150^l0^i24152
995    ^aวิภา
999 ^a ทศพร
รายการนี้ยังไม่มีแท็ก
คุณยังไม่ได้ล็อกอิน คุณสามารถมีกิจกรรมร่วมกับเว็บไซต์ได้ แต่ต้องล็อกอินก่อน ::
  ล็อกอิน

รายการสื่อสารสนเทศ

ลำดับที่ ประเภท เลขเรียก/บาร์โค้ด สถานที่ สถานะ
1. วิทยาศาสตร์การแพทย์ และสุขภาพ
วิทยาศาสตร์การแพทย์ และสุขภาพ
PN ป328บ  
  Barcode: 24152
ห้องสมุดวิทยาเขตสวรรค์ประชารักษ์
►หนังสือทั่วไป
บนชั้น

รายการใกล้เคียง
    ผู้แต่ง [ประพิศ พงศ์พานิช]

BibComment


ยังไม่เคยถูกคอมเมนท์

คอมเมนท์ทรัพยากรรายการนี้
  คอมเมนท์: บทสนทนาภาษาอังกฤ..


 Copyright 2026. Bcnsprnw @Library